[Event "OBEM 2015"]
[Site "Germany , Bremen"]
[Date "2015.04.04"]
[Round "9.35"]
[White "Rademacher, Uwe"]
[Black "Holtermann, Klaas"]
[Result "0-1"]
[WhiteElo "1773"]
[BlackElo "1507"]
[PlyCount "48"]
[EventDate "2015.??.??"]

1. e4 e6 2. d4 d5 3. exd5 exd5 4. c4 Nf6 5. Nc3 Be7 6. Nf3 Bg4 7. Be2 dxc4 8.
Qa4+ c6 9. Qxc4 O-O 10. O-O Nbd7 11. Be3 Nb6 12. Qb3 Qc7 13. Ne5 Bxe2 14. Nxe2
Nbd5 15. Bg5 Bd6 16. Nf3 Rfe8 17. Ng3 h6 18. Bd2 Bxg3 19. fxg3 Re7 20. Qd3 Rae8
21. Ne5 Re6 22. Rac1 Qb6 23. Bc3 Rxe5 24. Kh1 Re2 0-1

[Event "OBEM 2015"]
[Site "Germany , Bremen"]
[Date "2015.04.04"]
[Round "9.36"]
[White "Jantzen, Ludwig"]
[Black "Rose, Helmut"]
[Result "0-1"]
[WhiteElo "1965"]
[BlackElo "1400"]
[PlyCount "46"]
[EventDate "2015.??.??"]

1. d4 d5 2. c4 c6 3. cxd5 cxd5 4. Nc3 e6 5. Nf3 Nf6 6. e3 a6 7. Bd3 Nc6 8. a3
b5 9. b4 Bb7 10. Bb2 Bd6 11. Qb3 O-O 12. O-O Ne7 13. Rfd1 Nd7 14. e4 dxe4 15.
Bxe4 Bxe4 16. Nxe4 Bc7 17. Rac1 Nd5 18. Rc2 N7b6 19. Ned2 Bf4 20. g3 Bh6 21.
Qd3 f6 22. Rc6 Qd7 23. Rc5 f5 {Schwarz gewann hier aufgrund Zeitüberschreitung}
0-1

[Event "OBEM 2015"]
[Site "Germany , Bremen"]
[Date "2015.04.04"]
[Round "9.37"]
[White "Schwenke, Stefan"]
[Black "Bensmann, Jannis"]
[Result "1-0"]
[WhiteElo "1742"]
[BlackElo "841"]
[PlyCount "59"]
[EventDate "2015.??.??"]

1. e4 c5 2. Nf3 Nc6 3. d4 cxd4 4. Nxd4 Qb6 5. c3 Nxd4 6. Qxd4 Qxd4 7. cxd4 Nf6
8. Nc3 d6 9. Bg5 Nd7 10. Nd5 Kd8 11. Rc1 f6 12. Nc7 Rb8 13. Be3 e5 14. dxe5
dxe5 15. Bxa7 Bd6 16. Bxb8 Nxb8 17. Nd5 Be6 18. Bc4 Nc6 19. O-O Nd4 20. Ne3 b5
21. Bxe6 Ne2+ 22. Kh1 Nxc1 23. Rxc1 Ke7 24. Bh3 Ra8 25. Nf5+ Kf8 26. Nxd6 Rxa2
27. Rb1 b4 28. Nc4 Ke7 29. Kg1 g5 30. Kf1 1-0

[Event "OBEM 2015"]
[Site "Germany , Bremen"]
[Date "2015.04.04"]
[Round "9.38"]
[White "Scheidt, Mike Niklas"]
[Black "Buchloh, Falk"]
[Result "1/2-1/2"]
[WhiteElo "1363"]
[BlackElo "1497"]
[PlyCount "59"]
[EventDate "2015.??.??"]

1. d4 f5 2. c4 d6 3. Bf4 Nf6 4. Nc3 g6 5. Nf3 Bg7 6. Qd2 Nbd7 7. Ng5 Nb6 8. e3
e6 9. Bd3 Nh5 10. Nf3 Nxf4 11. exf4 O-O 12. O-O Re8 13. Rfe1 Nd7 14. Re2 e5 15.
fxe5 dxe5 16. dxe5 Nxe5 17. Nxe5 Rxe5 18. Rxe5 Bxe5 19. Re1 Bg7 20. c5 Kh8 21.
Qe2 c6 22. Bc4 Bd7 23. Qd3 Be8 24. Qe3 Bf7 25. Rd1 Qe8 26. Qd3 Bxc4 27. Qxc4
Rd8 28. Qb3 Rxd1+ 29. Qxd1 Qe7 30. Na4 1/2-1/2

[Event "OBEM 2015"]
[Site "Germany , Bremen"]
[Date "2015.04.04"]
[Round "9.39"]
[White "Laubrock, Sophia"]
[Black "Torkler, Wolfgang"]
[Result "1-0"]
[WhiteElo "1492"]
[BlackElo "1399"]
[PlyCount "85"]
[EventDate "2015.??.??"]

1. d4 Nf6 2. c4 e5 3. dxe5 Ng4 4. Nf3 Bc5 5. e3 Nc6 6. Be2 Ngxe5 7. O-O d6 8.
Nc3 Be6 9. b3 Qd7 10. Bb2 O-O-O 11. Nd5 f6 12. Nd4 Bxd5 13. cxd5 Ne7 14. Bb5
Qg4 15. Ne6 Rdg8 16. Bxe5 Qxd1 17. Rfxd1 fxe5 18. Rac1 Bb6 19. b4 a6 20. Ba4 h6
21. Bb3 g5 22. a4 a5 23. Rc4 Kb8 24. bxa5 Bxa5 25. Bc2 Ng6 26. Bxg6 Rxg6 27.
Rb1 Rh7 28. Nf8 Rgg7 29. Nxh7 Rxh7 30. h4 gxh4 31. Rxh4 Kc8 32. g4 c5 33. dxc6
bxc6 34. Kg2 c5 35. Rbh1 c4 36. Rxh6 Rxh6 37. Rxh6 Bd2 38. Rxd6 c3 39. Rc6+ Kd7
40. Rc4 Ke6 41. Kf1 Kd5 42. Rc8 Ke4 43. Ke2 1-0

[Event "OBEM 2015"]
[Site "Germany , Bremen"]
[Date "2015.04.04"]
[Round "9.40"]
[White "Scheunemann, Daniel"]
[Black "Hoose, Hannelore"]
[Result "0-1"]
[WhiteElo "1361"]
[BlackElo "1709"]
[PlyCount "162"]
[EventDate "2015.??.??"]

1. e4 e6 2. Nf3 c5 3. b3 Nc6 4. Bb2 Nge7 5. Be2 Qb6 6. c4 Ng6 7. Nc3 Nf4 8. O-O
Nxe2+ 9. Nxe2 Qc7 10. d4 cxd4 11. Nexd4 a6 12. Re1 h6 13. Nxc6 dxc6 14. Ne5 Bd7
15. Qh5 Bc8 16. Rad1 Qe7 17. Bc1 Qf6 18. Re3 g6 19. Rf3 gxh5 20. Rxf6 Rh7 21.
f4 c5 22. f5 Ke7 23. Rxf7+ Rxf7 24. Ng6+ Ke8 25. Nxf8 Rxf8 26. Bxh6 Rf7 27. Bg5
Rd7 28. Rf1 Rf7 29. Rd1 Bd7 30. f6 Bc6 31. Rd6 Bd7 32. e5 Rc8 33. Kf2 Rc6 34.
Rd2 Bc8 35. Ke3 Rcc7 36. g3 Rcd7 37. Ke4 Rxd2 38. Bxd2 Kf8 39. Kf4 Rh7 40. Kg5
Kf7 41. Be3 b5 42. cxb5 axb5 43. Bxc5 Bb7 44. a4 bxa4 45. bxa4 Ba6 46. a5 Be2
47. h3 Rh8 48. Bb6 Rg8+ 49. Kf4 Kg6 50. g4 hxg4 51. hxg4 Rc8 52. g5 Ba6 53. Bd4
Rc4 54. Ke4 Ra4 55. Ke3 Rxa5 56. Kf4 Ra4 57. Ke3 Bb5 58. Bc5 Rc4 59. Bb6 Rg4
60. Bc7 Rxg5 61. Kd4 Kf7 62. Kc5 Bd3 63. Kd4 Bb5 64. Kc5 Be8 65. Kb6 Rg4 66.
Bd6 Rc4 67. Kb7 Rd4 68. Kb6 Rxd6+ 69. exd6 Kxf6 70. Kc5 Kf5 71. Kd4 Bd7 72. Ke3
Ke5 73. Kd3 Kxd6 74. Kd4 e5+ 75. Ke4 Bc6+ 76. Ke3 Kd5 77. Kd2 Ke4 78. Ke2 Bb5+
79. Kd2 Kf3 80. Ke1 e4 81. Kd2 Kf2 0-1

[Event "OBEM 2015"]
[Site "Germany , Bremen"]
[Date "2015.04.04"]
[Round "9.41"]
[White "Kueck, Alexander"]
[Black "Volk, Robin"]
[Result "0-1"]
[WhiteElo "1133"]
[BlackElo "1285"]
[PlyCount "86"]
[EventDate "2015.??.??"]

1. e4 c5 2. Nf3 Nc6 3. d4 cxd4 4. Nxd4 e6 5. Be3 Nf6 6. Nc3 Bb4 7. Nde2 Nxe4 8.
Bd2 Nxc3 9. Bxc3 Qb6 10. g3 Bxc3+ 11. bxc3 Qc7 12. Bg2 O-O 13. O-O b6 14. Qd3
Ne5 15. Qe4 d5 16. Qf4 Ba6 17. Rfe1 Rac8 18. Qa4 Bxe2 19. Rxe2 Qxc3 20. Rae1
Nc6 21. Re3 Qb4 22. Qb3 Qxb3 23. cxb3 Nb4 24. R3e2 Rc7 25. f4 Nc2 26. Rc1 Rfc8
27. f5 Nd4 28. Rxc7 Nxe2+ 29. Kf2 Rxc7 30. Kxe2 Rc2+ 31. Kf3 Rxa2 32. fxe6 fxe6
33. h4 Ra3 34. Bh3 Rxb3+ 35. Kf4 Kf7 36. Bf1 a5 37. g4 a4 38. Be2 a3 39. Bd1
Rb4+ 40. Ke3 a2 41. Bf3 a1=Q 42. Kf2 Qd4+ 43. Kg2 Rb2+ 0-1

[Event "OBEM 2015"]
[Site "Germany , Bremen"]
[Date "2015.04.04"]
[Round "9.42"]
[White "Fasmers, Ralf"]
[Black "Buecker, Niklas"]
[Result "1-0"]
[WhiteElo "1787"]
[BlackElo "921"]
[PlyCount "47"]
[EventDate "2015.??.??"]

1. e4 e5 2. Nf3 Nc6 3. Bc4 Bc5 4. O-O d6 5. c3 Bg4 6. d4 exd4 7. h3 Bh5 8. g4
Bg6 9. Re1 dxc3 10. Nxc3 Nf6 11. Bg5 h6 12. Bh4 Qd7 13. a3 h5 14. Bxf6 gxf6 15.
Nh4 hxg4 16. Nxg6 fxg6 17. Nd5 Bd4 18. Bb5 Bxb2 19. Rb1 Be5 20. f4 gxf3 21.
Qxf3 O-O-O 22. Rb3 a6 23. Bxc6 Qxc6 24. Ne7+ 1-0

[Event "OBEM 2015"]
[Site "Germany , Bremen"]
[Date "2015.04.04"]
[Round "9.43"]
[White "Krueger, Gerhard"]
[Black "Brueggemann, Werner"]
[Result "1-0"]
[WhiteElo "1398"]
[BlackElo "1219"]
[PlyCount "115"]
[EventDate "2015.??.??"]

1. e4 c5 2. Nf3 d6 3. Bb5+ Bd7 4. Bxd7+ Qxd7 5. d4 Qg4 6. O-O cxd4 7. Qxd4 Nc6
8. Qa4 e5 9. Re1 f6 10. Qb5 Qd7 11. Nc3 Nge7 12. a3 a6 13. Qd3 g6 14. Be3 Qc7
15. Na4 Rb8 16. Bb6 Qd7 17. Rad1 Nc8 18. Qd5 N6e7 19. Qb3 Nc6 20. c4 Qf7 21.
Qd3 Nxb6 22. Nxb6 Rd8 23. Nd5 Bg7 24. b4 O-O 25. Rc1 g5 26. b5 axb5 27. cxb5
Na7 28. Rc7 Rd7 29. Rec1 Rfd8 30. a4 h5 31. Qc4 Rxc7 32. Qxc7 Qxc7 33. Rxc7 Rb8
34. g3 Kh7 35. Nxf6+ Kg6 36. Nd5 Bf8 37. Nd2 Nc8 38. a5 Na7 39. b6 Nb5 40. Rc1
Nd4 41. Kg2 Nc6 42. Nc4 g4 43. f3 gxf3+ 44. Kxf3 Bh6 45. Rf1 Rf8+ 46. Kg2 Rxf1
47. Kxf1 Bf8 48. h3 Kg5 49. Ke2 Nd4+ 50. Kf2 Nb5 51. Nd2 Kg6 52. Nb3 Nd4 53.
Nxd4 exd4 54. a6 d3 55. Ke3 d2 56. Kxd2 bxa6 57. b7 a5 58. b8=Q 1-0

[Event "OBEM 2015"]
[Site "Germany , Bremen"]
[Date "2015.04.04"]
[Round "9.44"]
[White "Zijlstra, Berend"]
[Black "Maul, Maik"]
[Result "1-0"]
[WhiteElo "1319"]
[BlackElo "1000"]
[PlyCount "83"]
[EventDate "2015.??.??"]

1. c4 d5 2. cxd5 Qxd5 3. d4 Nc6 4. Nf3 Bg4 5. Nc3 Qd7 6. d5 Bxf3 7. exf3 Ne5 8.
Bb5 c6 9. dxc6 Qxd1+ 10. Nxd1 Nxc6 11. O-O Nf6 12. Nc3 a6 13. Bxc6+ bxc6 14.
Bg5 Rb8 15. b3 h6 16. Bxf6 exf6 17. Rfe1+ Be7 18. Re4 Rb7 19. Rae1 Rg8 20. Na4
f5 21. Re5 g6 22. Nc5 Ra7 23. a4 Kf8 24. Nxa6 Rxa6 25. Rxe7 Rb6 26. R1e3 Kg7
27. a5 Ra6 28. R7e5 f6 29. Re7+ Kh8 30. b4 Rg7 31. Re8+ Rg8 32. R8e6 Rf8 33.
Re1 Raa8 34. Rxc6 Rad8 35. Rec1 Rd7 36. h3 Rb7 37. Rb6 Rxb6 38. axb6 Rb8 39.
Rc6 Kg7 40. Rc7+ Kf8 41. b7 Re8 42. Rc8 1-0

[Event "OBEM 2015"]
[Site "Germany , Bremen"]
[Date "2015.04.04"]
[Round "9.45"]
[White "Bilek, Thomas"]
[Black "Vaske, Philipp"]
[Result "1-0"]
[WhiteElo "1000"]
[BlackElo "947"]
[PlyCount "81"]
[EventDate "2015.??.??"]

1. d4 d5 2. Nc3 Nf6 3. Bf4 Nc6 4. Nb5 Kd7 5. Bxc7 Qe8 6. Bf4 e5 7. dxe5 Nxe5 8.
Bxe5 Qxe5 9. Qd4 Qf5 10. Nf3 Qxc2 11. Ne5+ Ke8 12. g3 Be7 13. Qc3 Qxc3+ 14.
bxc3 Kf8 15. Bg2 g6 16. Nc7 Rb8 17. Nxd5 Nxd5 18. Bxd5 Bf6 19. f4 Bxe5 20. fxe5
Ke7 21. O-O Rf8 22. Rab1 f6 23. exf6+ Rxf6 24. Rxf6 Kxf6 25. e4 b6 26. Rf1+ Ke5
27. Rf8 Kd6 28. Bb7 Rxb7 29. Rxc8 Rc7 30. Rxc7 Kxc7 31. Kf2 Kd6 32. Ke3 Ke5 33.
h4 b5 34. a3 a5 35. Kf3 h5 36. Ke3 Kd6 37. Kd4 a4 38. e5+ Ke6 39. Ke4 b4 40.
cxb4 Ke7 41. Kd5 1-0

[Event "OBEM 2015"]
[Site "Germany , Bremen"]
[Date "2015.04.04"]
[Round "9.46"]
[White "Schoenfeld, Fynn"]
[Black "Bilek, Sadat"]
[Result "1-0"]
[WhiteElo "883"]
[BlackElo "1000"]
[PlyCount "103"]
[EventDate "2015.??.??"]

1. d4 d5 2. Bf4 e6 3. Qd2 Bd6 4. Bxd6 Qxd6 5. c3 Qb6 6. Qc2 Nf6 7. Nf3 O-O 8.
e3 Nc6 9. c4 Rd8 10. c5 Qa5+ 11. Nc3 Ne4 12. Bd3 Nb4 13. Qb1 Nxd3+ 14. Qxd3 Bd7
15. a3 Nxc3 16. Qd2 b6 17. cxb6 axb6 18. Qxc3 Qxc3+ 19. bxc3 c5 20. O-O cxd4
21. cxd4 Bb5 22. Rfb1 Be2 23. Rxb6 Bxf3 24. gxf3 Rab8 25. Rxb8 Rxb8 26. a4 Kf8
27. a5 Ra8 28. Kf1 Ke7 29. Ke2 f6 30. e4 dxe4 31. fxe4 f5 32. f3 fxe4 33. fxe4
Kd6 34. Kd3 Rb8 35. Kc4 Rc8+ 36. Kb5 Rb8+ 37. Kc4 g5 38. e5+ Ke7 39. a6 Ra8 40.
d5 h5 41. d6+ Kd7 42. Kb5 g4 43. Kb6 Rb8+ 44. Ka7 h4 45. Kxb8 g3 46. hxg3 h3
47. a7 h2 48. a8=Q h1=Q 49. Rxh1 Kd8 50. Rf1 Kd7 51. Qb7+ Ke8 52. Qe7# 1-0

[Event "OBEM 2015"]
[Site "Germany , Bremen"]
[Date "2015.04.04"]
[Round "9.47"]
[White "Mayland, Jannis"]
[Black "Nagel, Philipp"]
[Result "1-0"]
[WhiteElo "822"]
[BlackElo "1000"]
[PlyCount "43"]
[EventDate "2015.??.??"]

1. d4 d5 2. Nc3 Bf5 3. Bf4 e6 4. f3 Nc6 5. e3 Be7 6. Nge2 Qd7 7. Qd2 g5 8. Bg3
O-O-O 9. e4 dxe4 10. fxe4 Bg4 11. O-O-O h5 12. h3 Bd6 13. Bxd6 Qxd6 14. hxg4
hxg4 15. Rxh8 Nb4 16. Nb5 Qa6 17. Qxb4 Qxa2 18. Qc5 c6 19. Qxg5 Qa1+ 20. Kd2
Qxb2 21. Rxg8 cxb5 22. Qxd8# 1-0